000 00619nam a2200181 i 4500
001 185061
003 ES-MaACL
005 20230906222335.0
008 160315s1968 sp |||| | spa d
245 0 0 _aCatálogo de productores, exportadores e importadores españoles...
_b: 1968-1969.
260 _aMadrid :
_bPRODEI,
_c1968.
300 _a1535 p. ;
_c28 cm.
500 _aEdición en español, inglés, francés y alemán.
650 4 _aExportadores-
_zEspaña-
_vDirectorios.
_9159074
650 4 _aImportadores-
_zEspaña-
_vDirectorios.
_9159075
710 2 _aPRODEI (Madrid)
_9159076
852 _aES-MaACL
_jG-4026
999 _c185061
_d185061